Traumberufe in den Medien : Ausbildungen, Jobs und Karrieren bei Radio und Fernsehen /
Saved in:
| Main Author: | |
|---|---|
| Format: | Book |
| Language: | German |
| Published: |
München :
Redline Wirtschaft bei Verlag Moderne Industrie,
2002.
|
| Series: | Beruf & Karriere.
|
| Subjects: | |
| Tags: |
Add Tag
No Tags, Be the first to tag this record!
|
| LEADER | 00821nam a2200265Ia 4500 | ||
|---|---|---|---|
| 001 | 009358854-2 | ||
| 005 | 20070905122213.0 | ||
| 008 | 070822s2002 gw 001 0 ger d | ||
| 020 | |a 3478743400 | ||
| 020 | |a 9783478743402 | ||
| 035 | 0 | |a ocn166254363 | |
| 040 | |a TEF |c TEF | ||
| 090 | |a PN1991.55 |b .K86 2002 | ||
| 100 | 1 | |a Kunert, Sylvia. | |
| 245 | 1 | 0 | |a Traumberufe in den Medien : |b Ausbildungen, Jobs und Karrieren bei Radio und Fernsehen / |c Sylvia Kunert. |
| 260 | |a München : |b Redline Wirtschaft bei Verlag Moderne Industrie, |c 2002. | ||
| 300 | |a 240 p. ; |c 22 cm. | ||
| 490 | 1 | |a Beruf & Karriere | |
| 500 | |a Includes index. | ||
| 650 | 0 | |a Radio broadcasting |x Vocational guidance. | |
| 650 | 0 | |a Television |x Vocational guidance. | |
| 830 | 0 | |a Beruf & Karriere. | |
| 988 | |a 20040510 | ||
| 049 | |a HLSS | ||
| 906 | |0 OCLC | ||


